00586nam a22002057a 450000500170000001000130001702000100003003500130004003700160005304000120006908200160008110000170009724500810011426000530019527000610024830000230030965000100033265000210034270000170036320170124105949.0 aA-725131 c50.00 aA-725131 bCen Lib/Ret aDPLbEN a270.41bSUS aSuroor, A.A. aIslam in the modren world :ceditde by A.A, Suroorb problems and prospects/ aSrinagarbIqbal Institute University of Kashmir  aIqbal Institute University of Kashmir bSrinagare190006 av, 231p.c24cm(Hb) aIslam aProblem in islam aSuroor, A.A.